El lenguaje de Buenos Aires /
Salvato in:
| Autore principale: | |
|---|---|
| Altri autori: | |
| Natura: | Libro |
| Lingua: | Spanish |
| Pubblicazione: |
Buenos Aires :
Emecé Editores,
1963.
|
| Serie: | Emecé de obras contemporáneas
|
| Soggetti: | |
| Tags: |
Aggiungi Tag
Nessun Tag, puoi essere il primo ad aggiungerne!!
|
MARC
| LEADER | 00000cam a2200000 a 4500 | ||
|---|---|---|---|
| 005 | 20150602093837.0 | ||
| 008 | 910522s1963 ag r 00010 spa d | ||
| 040 | |a la |c la |d CRU CIICLA | ||
| 041 | 0 | |a spa | |
| 082 | 0 | 4 | |a A864.6 |b B723-L |
| 100 | 1 | |a Borges, Jorge Luis, |d 1899-1986 | |
| 245 | 1 | 3 | |a El lenguaje de Buenos Aires / |c Jorge Luis Borges, José Edmundo Clemente. |
| 260 | |a Buenos Aires : |b Emecé Editores, |c 1963. | ||
| 300 | |a 102 páginas | ||
| 490 | 1 | |a Emecé de obras contemporáneas | |
| 505 | 0 | |a El idioma de los argentinos, Las alarmas del doctor Américo Castro / Jorge Luis Borges ; El idioma de Buenos Aires, Estilística de Lunfardo / José Edmundo Clemente. | |
| 650 | 1 | 4 | |a LITERATURA ARGENTINA |v ENSAYOS |
| 651 | 4 | |a BUENOS AIRES (ARGENTINA) |x LENGUA Y LENGUAJE | |
| 700 | 1 | |a Clemente, José Edmundo |d 1918- | |
| 942 | |2 ddc |c BK | ||
| 999 | |c 4239 |d 4239 | ||
